| 000 | 00758nam a22002415a 4500 | ||
|---|---|---|---|
| 008 | 151026t2015 nyua frbd 001 0 eng d | ||
| 020 | _a9781259254024 | ||
| 020 | _a125925402X | ||
| 040 |
_aEG-ScBUE _beng _cEG-ScBUE |
||
| 082 | 0 | 4 |
_a150 _bFEL _222 |
| 100 | 1 |
_91222 _aFeldman, Robert S. _d1947- _q(Robert Stephen), |
|
| 245 | 1 | 0 |
_aUnderstanding psychology / _cRobert S. Feldman. |
| 250 | _a12th ed. | ||
| 260 |
_aNew York : _bMcGraw-Hill Education, _cc.2015. |
||
| 300 |
_a1 v. (Various pagings) : _bill. ; _c28 cm. |
||
| 500 | _aIncludes glossary. | ||
| 504 | _aIncludes bibliographical references and indexes. | ||
| 650 | 0 |
_aPsychology. _2BUEsh |
|
| 651 | _2BUEsh | ||
| 653 |
_bBUSADM _bGGEN _cOctober2015 |
||
| 655 |
_vText book _933728 |
||
| 942 | _2ddc | ||
| 999 |
_c20989 _d20961 |
||